[Event "Arco Christmas op 12th"]
[Site "Arco"]
[Date "2022.12.26"]
[Round "1"]
[White "Calavalle, Giulio"]
[Black "Gabbani, Sara"]
[Result "0-1"]
[WhiteElo "2160"]
[BlackElo "1844"]
[PlyCount "70"]
[EventDate "2022.12.26"]
[EventType "swiss"]
[EventRounds "7"]
[EventCountry "ITA"]
[SourceTitle "CBM 212 Extra"]
[Source "ChessBase"]
[SourceDate "2023.03.31"]
[SourceVersion "1"]
[SourceVersionDate "2023.03.31"]
[SourceQuality "1"]

1. e4 c5 2. Nc3 Nc6 3. Bc4 g6 4. d3 Bg7 5. a4 Nf6 6. Nge2 0-0 7. Bg5 d6 8. Qd2 Bd7 9. Bh6 e5 10. Bxg7 Kxg7 11. 0-0 a6 12. f4 Nd4 13. Ng3 b5 14. Ba2 Rb8 15. axb5 axb5 16. Nce2 exf4 17. Nxf4 Be6 18. c3 Bxa2 19. cxd4 Bb3 20. Qc3 c4 21. d5 Kg8 22. dxc4 Bxc4 23. Rf3 Ng4 24. b3 Qb6+ 25. Kh1 Nf2+ 26. Rxf2 Qxf2 27. Nh3 Qc5 28. bxc4 bxc4 29. Nf4 Rb3 30. Qf6 Rfb8 31. Rf1 Rb1 32. Nfe2 Rxf1+ 33. Nxf1 Rb1 34. Nc3 Rc1 35. Qf3 Qa3 0-1

[Event "ITA-ch (Women) 81st"]
[Site "Cagliari"]
[Date "2022.11.23"]
[Round "7"]
[White "Brunello, Marina"]
[Black "Gabbani, Sara"]
[Result "1-0"]
[WhiteElo "2337"]
[BlackElo "1844"]
[PlyCount "84"]
[EventDate "2022.11.17"]
[EventType "tourn"]
[EventRounds "7"]
[EventCountry "ITA"]
[SourceTitle "CBM 211 Extra"]
[Source "ChessBase"]
[SourceDate "2023.01.31"]
[SourceVersion "1"]
[SourceVersionDate "2023.01.31"]
[SourceQuality "1"]

1. e4 e5 2. Bc4 Nf6 3. d3 Bc5 4. Nf3 Nc6 5. c3 d6 6. Bb3 0-0 7. h4 Bb6 8. Nbd2 Ne7 9. Nf1 Ng6 10. Ng3 c6 11. 0-0 d5 12. Bg5 Be6 13. Nh5 dxe4 14. Nd2 Qxd3 15. Bxf6 gxf6 16. Nxe4 Qxd1 17. Nexf6+ Kh8 18. Rfxd1 Bxb3 19. axb3 Rfd8 20. Rd7 Rxd7 21. Nxd7 Bc7 22. Nc5 b6 23. Ne4 f5 24. Ng5 Ne7 25. Rd1 Nd5 26. c4 Nf4 27. Ng3 Kg8 28. Nxf5 Rd8 29. Rxd8+ Bxd8 30. Ne4 Nd3 31. Kf1 Kf7 32. Ke2 Nc1+ 33. Kd2 Nxb3+ 34. Kc3 Na5 35. Nfd6+ Ke6 36. b4 Be7 37. c5 bxc5 38. bxa5 Bxd6 39. Nxd6 Kxd6 40. Kc4 e4 41. a6 h6 42. g3 h5 1-0

[Event "ITA-ch (Women) 81st"]
[Site "Cagliari"]
[Date "2022.11.21"]
[Round "5"]
[White "Maione, Melissa"]
[Black "Gabbani, Sara"]
[Result "1/2-1/2"]
[WhiteElo "1928"]
[BlackElo "1844"]
[PlyCount "62"]
[EventDate "2022.11.17"]
[EventType "tourn"]
[EventRounds "7"]
[EventCountry "ITA"]
[SourceTitle "CBM 211 Extra"]
[Source "ChessBase"]
[SourceDate "2023.01.31"]
[SourceVersion "1"]
[SourceVersionDate "2023.01.31"]
[SourceQuality "1"]

1. e4 e5 2. Nf3 Nf6 3. Nc3 Nc6 4. Bb5 Nd4 5. Bc4 Bc5 6. 0-0 d6 7. h3 0-0 8. d3 a6 9. a4 h6 10. Nd5 Nxd5 11. Bxd5 c6 12. Ba2 Qf6 13. Nxd4 Bxd4 14. c3 Ba7 15. Kh2 Be6 16. f4 Bxa2 17. Rxa2 Qe6 18. b3 f5 19. Re2 Rae8 20. fxe5 dxe5 21. exf5 Rxf5 22. Rxf5 Qxf5 23. Re4 Rd8 24. Qe2 Kh8 25. Be3 Bxe3 26. Qxe3 Qd7 27. d4 exd4 28. Rxd4 Qc7+ 29. Kh1 Rxd4 30. Qxd4 Qa5 31. Qe3 Qd5 1/2-1/2

[Event "EU-ch U18 Girls 30th"]
[Site "Antalya"]
[Date "2022.11.14"]
[Round "9"]
[White "Nowak, Roksana"]
[Black "Gabbani, Sara"]
[Result "1/2-1/2"]
[WhiteElo "1765"]
[BlackElo "1844"]
[PlyCount "63"]
[EventDate "2022.11.06"]
[EventType "swiss"]
[EventRounds "9"]
[EventCountry "TUR"]
[SourceTitle "EXT 2024"]
[Source "ChessBase"]
[SourceDate "2023.10.10"]
[SourceVersion "1"]
[SourceVersionDate "2023.10.10"]
[SourceQuality "1"]

1. e4 c5 2. Nf3 Nc6 3. d4 cxd4 4. Nxd4 g6 5. c4 Nf6 6. Nc3 Nxd4 7. Qxd4 d6 8. Be2 Bg7 9. Bg5 0-0 10. Qe3 a5 11. 0-0 a4 12. Rad1 Qa5 13. c5 Qxc5 14. Qxc5 dxc5 15. e5 Nd7 16. Bxe7 Re8 17. Nd5 Bxe5 18. Bb5 Ra5 19. Bxd7 Bxd7 20. Rfe1 Bd4 21. Rxd4 cxd4 22. Nf6+ Kg7 23. Nxd7 Rc8 24. Bf6+ Kg8 25. Bxd4 h6 26. Bc3 Ra6 27. Nc5 Raa8 28. Nxb7 a3 29. Nd6 Rd8 30. Ne4 axb2 31. Nf6+ Kf8 32. Nh7+ 1/2-1/2

[Event "EU-ch U18 Girls 30th"]
[Site "Antalya"]
[Date "2022.11.13"]
[Round "8"]
[White "Gabbani, Sara"]
[Black "Blanquet, Camille"]
[Result "1/2-1/2"]
[WhiteElo "1844"]
[BlackElo "2090"]
[PlyCount "36"]
[EventDate "2022.11.06"]
[EventType "swiss"]
[EventRounds "9"]
[EventCountry "TUR"]
[SourceTitle "EXT 2024"]
[Source "ChessBase"]
[SourceDate "2023.10.10"]
[SourceVersion "1"]
[SourceVersionDate "2023.10.10"]
[SourceQuality "1"]

1. e4 c5 2. Nf3 g6 3. d4 cxd4 4. Nxd4 Bg7 5. Nc3 Nc6 6. Be3 Nf6 7. g3 d6 8. h3 Bd7 9. Bg2 Qc8 10. Qd2 Ne5 11. b3 0-0 12. Nd5 Re8 13. c4 Nc6 14. Rc1 Nxd4 15. Bxd4 Nxd5 16. Bxg7 Kxg7 17. cxd5 Qd8 18. h4 h6 1/2-1/2

[Event "EU-ch U18 Girls 30th"]
[Site "Antalya"]
[Date "2022.11.06"]
[Round "1"]
[White "Yakimova, Mariya"]
[Black "Gabbani, Sara"]
[Result "1-0"]
[WhiteElo "2234"]
[BlackElo "1844"]
[PlyCount "61"]
[EventDate "2022.11.06"]
[EventType "swiss"]
[EventRounds "9"]
[EventCountry "TUR"]
[SourceTitle "CBM 211 Extra"]
[Source "ChessBase"]
[SourceDate "2023.01.31"]
[SourceVersion "1"]
[SourceVersionDate "2023.01.31"]
[SourceQuality "1"]

1. d4 Nf6 2. c4 g6 3. g3 c6 4. Bg2 d5 5. Nf3 Bg7 6. 0-0 0-0 7. Qb3 Nbd7 8. Nc3 Qb6 9. Rd1 Re8 10. Bf4 Qxb3 11. axb3 Nb6 12. c5 Nbd7 13. b4 Nh5 14. b5 f6 15. Bd2 e5 16. e3 f5 17. b4 e4 18. Ne1 Nf8 19. bxc6 bxc6 20. b5 Bb7 21. Nc2 Ne6 22. bxc6 Bxc6 23. Nb4 Bb7 24. c6 Bc8 25. Ncxd5 Bf8 26. Bf1 Bd6 27. Bc4 Kf8 28. Nb6 Rb8 29. Nxc8 Rbxc8 30. Rxa7 Nf6 31. Bc3 1-0

[Event "Wch U20 Girls 38th"]
[Site "Cala Gonone"]
[Date "2022.10.14"]
[Round "4"]
[White "Gabbani, Sara"]
[Black "Femil, Chelladurai"]
[Result "1/2-1/2"]
[WhiteElo "1944"]
[BlackElo "1562"]
[PlyCount "142"]
[EventDate "2022.10.12"]
[EventType "swiss"]
[EventRounds "11"]
[EventCountry "ITA"]
[SourceTitle "CBM 210 Extra"]
[Source "ChessBase"]
[SourceDate "2022.11.30"]
[SourceVersion "1"]
[SourceVersionDate "2022.11.30"]
[SourceQuality "1"]

1. e4 c5 2. Nf3 g6 3. d4 cxd4 4. Nxd4 Nc6 5. g3 Bg7 6. Be3 Nf6 7. Bg2 0-0 8. Nc3 d6 9. h3 Bd7 10. 0-0 Nxd4 11. Bxd4 Bc6 12. g4 Nd7 13. Bxg7 Kxg7 14. Qe2 a5 15. Rad1 f6 16. Nd5 Nc5 17. h4 e6 18. Nf4 Qe7 19. Rd2 e5 20. Nd5 Bxd5 21. Rxd5 g5 22. Rfd1 Ra6 23. Qd2 gxh4 24. Rxd6 Rxd6 25. Qxd6 Qxd6 26. Rxd6 Rf7 27. b3 Rd7 28. Rd5 b6 29. a3 Rc7 30. Rd6 b5 31. Rb6 h3 32. Bf3 b4 33. axb4 axb4 34. Kh2 Nd7 35. Rxb4 Rxc2 36. Kxh3 Rxf2 37. Kg3 Rd2 38. Rb7 Kf8 39. b4 Ke7 40. Bg2 Kd6 41. Bf1 Kc6 42. Ra7 Rd4 43. b5+ Kb6 44. Ra6+ Kb7 45. Kf3 Nb6 46. Be2 Ra4 47. Ke3 Rb4 48. Ra1 Rd4 49. Rc1 Rd6 50. Rh1 Rd7 51. Rh6 Rf7 52. Kd3 Rd7+ 53. Kc3 Na4+ 54. Kb4 Rd4+ 55. Ka3 Nc3 56. Bf1 Nxe4 57. Rxh7+ Kb6 58. Rf7 Rd6 59. Kb4 Ng5 60. Rf8 e4 61. Kc4 Nf3 62. Be2 Ne5+ 63. Kb4 e3 64. g5 fxg5 65. Re8 Rd4+ 66. Kc3 Rd5 67. Re6+ Kc7 68. Bf1 Kd7 69. Rh6 Rd1 70. Rh1 e2 71. Rh7+ Kd6 1/2-1/2

[Event "ITA-ch sf 81st"]
[Site "Acqui Terme"]
[Date "2022.06.16"]
[Round "6"]
[White "Garofalo, Simone"]
[Black "Gabbani, Sara"]
[Result "1-0"]
[WhiteElo "2108"]
[BlackElo "1850"]
[PlyCount "111"]
[EventDate "2022.06.12"]
[EventType "swiss"]
[EventRounds "9"]
[EventCountry "ITA"]
[SourceTitle "CBM 208 Extra"]
[Source "ChessBase"]
[SourceDate "2022.07.31"]
[SourceVersion "1"]
[SourceVersionDate "2022.07.31"]
[SourceQuality "1"]

1. e4 c5 2. Nf3 Nc6 3. Bb5 g6 4. c3 Bg7 5. 0-0 a6 6. Bxc6 dxc6 7. h3 e5 8. d3 Qe7 9. Qc2 Nf6 10. Nbd2 0-0 11. Nc4 Nd7 12. a4 b5 13. Na5 Qd6 14. b4 Qc7 15. Nb3 cxb4 16. cxb4 Bb7 17. Be3 Rac8 18. a5 Rfe8 19. Rac1 Bf8 20. Nc5 Nxc5 21. Bxc5 Bxc5 22. Qxc5 Rcd8 23. Rfd1 Qe7 24. Kf1 f6 25. Qxe7 Rxe7 26. Ke2 Kf7 27. Ke3 Ke8 28. Rc5 Kd7 29. d4 exd4+ 30. Rxd4+ Kc7 31. Rxd8 Kxd8 32. Nd4 Kc7 33. f4 Kd6 34. h4 Re8 35. g3 Ba8 36. Nf3 Bb7 37. e5+ fxe5 38. fxe5+ Kc7 39. Ng5 Re7 40. Ne4 Bc8 41. Nf6 Be6 42. Kf4 h6 43. Rc1 Bc4 44. Rd1 Bb3 45. Rd6 Bc2 46. Ne4 Bxe4 47. Kxe4 Rg7 48. Kd4 g5 49. h5 g4 50. Rxh6 Rg5 51. Rh7+ Kb8 52. h6 c5+ 53. bxc5 b4 54. c6 b3 55. Rb7+ Kc8 56. h7 1-0

[Event "Mitropa Cup (Women)"]
[Site "Corte"]
[Date "2022.05.01"]
[Round "2.4"]
[White "Gabbani, Sara"]
[Black "Sevcikova, Lucia"]
[Result "0-1"]
[WhiteElo "1831"]
[BlackElo "2030"]
[PlyCount "96"]
[EventDate "2022.04.30"]
[EventType "team-tourn"]
[EventRounds "9"]
[EventCountry "FRA"]
[SourceTitle "CBM 208 Extra"]
[Source "ChessBase"]
[SourceDate "2022.07.31"]
[SourceVersion "1"]
[SourceVersionDate "2022.07.31"]
[SourceQuality "1"]
[WhiteTeam "Italy (W)"]
[BlackTeam "Slovakia (W)"]
[WhiteTeamCountry "ITA"]
[BlackTeamCountry "SVK"]

1. e4 e6 2. d4 d5 3. Nc3 dxe4 4. Nxe4 Nd7 5. c3 Ngf6 6. Nxf6+ Nxf6 7. Bd3 c5 8. Nf3 Be7 9. dxc5 Bxc5 10. 0-0 h6 11. Bf4 0-0 12. Qe2 Bd7 13. Rfd1 Qe7 14. b4 Nd5 15. Be5 Bd6 16. Qe4 f5 17. Qd4 Bxe5 18. Nxe5 Be8 19. Rac1 Bh5 20. f3 Rfd8 21. Qf2 Qg5 22. Qg3 Ne3 23. Qxg5 hxg5 24. Re1 f4 25. Bf1 Rac8 26. c4 Rd2 27. Re2 Rcd8 28. Kf2 Rd1 29. Rxd1 Rxd1 30. Re1 Rxe1 31. Kxe1 Nc2+ 32. Kd2 Nxb4 33. a3 Nc6 34. Nd3 e5 35. Kc3 g4 36. fxg4 Bxg4 37. Kd2 Kf7 38. Nc5 b6 39. Ne4 Nd4 40. Bd3 Nb3+ 41. Kc3 Nc5 42. Ng5+ Kf6 43. Nh7+ Ke7 44. Bc2 e4 45. Kd2 Bf5 46. Ng5 Kf6 47. h4 e3+ 48. Kc1 Nd3+ 0-1

[Event "ITA-ch (Women) 80th"]
[Site "Chianciano Terme"]
[Date "2021.12.07"]
[Round "4"]
[White "Maione, Melissa"]
[Black "Gabbani, Sara"]
[Result "0-1"]
[WhiteElo "1866"]
[BlackElo "1890"]
[PlyCount "104"]
[EventDate "2021.12.04"]
[EventType "tourn"]
[EventRounds "7"]
[EventCountry "ITA"]
[SourceTitle "CBM 205 Extra"]
[Source "ChessBase"]
[SourceDate "2022.01.31"]
[SourceVersion "1"]
[SourceVersionDate "2022.01.31"]
[SourceQuality "1"]

1. e4 c5 2. Nf3 Nc6 3. d4 cxd4 4. Nxd4 g6 5. c4 Nf6 6. Nc3 Nxd4 7. Qxd4 d6 8. Be3 Bg7 9. Be2 0-0 10. Qd2 a5 11. 0-0 a4 12. Rfd1 Be6 13. f3 Nd7 14. Qc2 Qa5 15. Rab1 Rfc8 16. Nd5 Bxd5 17. Rxd5 Qc7 18. Rb5 Nc5 19. Qd2 Qc6 20. Bg5 Qd7 21. Be3 Qc6 22. Qb4 Rc7 23. Rd1 Ne6 24. Rb6 Qe8 25. Rd5 Qc8 26. f4 Nc5 27. e5 Nd7 28. Rbb5 dxe5 29. fxe5 Ra6 30. Ra5 Rxa5 31. Qxa5 Rc6 32. Bd4 e6 33. Rb5 Qb8 34. Qc3 Qc8 35. Qb4 Bf8 36. Qxa4 Ra6 37. Ra5 Bc5 38. Bxc5 Nxc5 39. Qb5 Qc7 40. b4 Rxa5 41. Qxa5 Qxe5 42. Qxc5 Qxe2 43. h3 Qxa2 44. Qc8+ Kg7 45. Qc5 Qb1+ 46. Kh2 Qe4 47. b5 e5 48. Qc7 Qf4+ 49. Kg1 Qd4+ 50. Kh2 e4 51. Qxb7 Qe5+ 52. Kh1 e3 0-1

[Event "ITA-ch (Women) 80th"]
[Site "Chianciano Terme"]
[Date "2021.12.06"]
[Round "3"]
[White "Gabbani, Sara"]
[Black "Bordin, Silvia"]
[Result "1-0"]
[WhiteElo "1890"]
[BlackElo "1960"]
[PlyCount "33"]
[EventDate "2021.12.04"]
[EventType "tourn"]
[EventRounds "7"]
[EventCountry "ITA"]
[SourceTitle "CBM 205 Extra"]
[Source "ChessBase"]
[SourceDate "2022.01.31"]
[SourceVersion "1"]
[SourceVersionDate "2022.01.31"]
[SourceQuality "1"]

1. e4 e5 2. Nf3 Nc6 3. Bc4 Bc5 4. b4 Bxb4 5. c3 Be7 6. d4 d6 7. dxe5 dxe5 8. Qb3 Be6 9. Bxe6 fxe6 10. Qxb7 Kd7 11. Qb5 Bd6 12. 0-0 Qb8 13. Qa4 Nge7 14. Rd1 Ng6 15. Na3 Qe8 16. Nc4 Ke7 17. Bg5+ 1-0

[Event "Montesilvano Easter op 6th"]
[Site "Montesilvano"]
[Date "2021.04.02"]
[Round "1"]
[White "Gabbani, Sara"]
[Black "Bettalli, Francesco"]
[Result "1/2-1/2"]
[WhiteElo "1934"]
[BlackElo "2268"]
[PlyCount "133"]
[EventDate "2021.04.02"]
[EventType "swiss"]
[EventRounds "6"]
[EventCountry "ITA"]
[SourceTitle "CBM 201 Extra"]
[Source "ChessBase"]
[SourceDate "2021.05.31"]
[SourceVersion "1"]
[SourceVersionDate "2021.05.31"]
[SourceQuality "1"]

1. e4 c5 2. Nc3 Nc6 3. g3 g6 4. Bg2 Bg7 5. d3 e6 6. Be3 d6 7. Qd2 Nge7 8. Bh6 0-0 9. h4 Bxh6 10. Qxh6 f6 11. Qd2 Rb8 12. Nge2 b5 13. 0-0 b4 14. Nd1 d5 15. exd5 exd5 16. d4 c4 17. Ne3 Be6 18. Nf4 Bf7 19. c3 Qd6 20. Rfb1 Rb5 21. b3 bxc3 22. Qxc3 Rfb8 23. Rb2 g5 24. hxg5 fxg5 25. Nh3 Qf6 26. Rd1 Be6 27. Rdd2 Kg7 28. bxc4 Rxb2 29. Rxb2 Nxd4 30. Kf1 Rxb2 31. Qxb2 dxc4 32. Nxg5 Bg8 33. Ne4 Qb6 34. Qa1 Kf8 35. Nc3 Qg6 36. Be4 Qf6 37. Ne2 Qa6 38. Nxd4 Qa3 39. Nb5 Qc5 40. Qf6+ Ke8 41. Nd6+ Kd7 42. Nef5 Nxf5 43. Bxf5+ Kc7 44. Qd8+ Kxd8 45. Nb7+ Kc7 46. Nxc5 Kd6 47. Na4 Ke5 48. Bc2 Kd4 49. Ke2 h6 50. f4 Bd5 51. f5 Bf7 52. Kf3 c3 53. g4 Bxa2 54. Kf4 Bf7 55. Kf3 Bc4 56. Kf4 Bf7 57. f6 Bg8 58. g5 hxg5+ 59. Kxg5 Bf7 60. Kh6 Be6 61. Kg7 Bd5 62. Kf8 Ke5 63. Ke7 Kd4 64. Kd6 Bf7 65. Nc5 Ke3 66. Ne4 a5 67. Nc5 1/2-1/2

[Event "ITA-ch Online (Women) Qual GpA"]
[Site "Premium Chess Arena INT"]
[Date "2020.11.18"]
[Round "2.1"]
[White "Gabbani, Sara"]
[Black "Movileanu, Daniela"]
[Result "0-1"]
[WhiteElo "1968"]
[BlackElo "2239"]
[PlyCount "74"]
[EventDate "2020.11.18"]
[EventType "tourn (rapid)"]
[EventRounds "7"]
[EventCountry "ITA"]
[SourceTitle "CBM 199 Extra"]
[Source "ChessBase"]
[SourceDate "2021.01.31"]
[SourceVersion "1"]
[SourceVersionDate "2021.01.31"]
[SourceQuality "1"]

1. e4 c5 2. Nc3 d6 3. g3 Nc6 4. Bg2 g6 5. d3 Bg7 6. Be3 e5 7. Qd2 Nge7 8. Bh6 0-0 9. h4 Bxh6 10. Qxh6 f6 11. Qd2 Nd4 12. h5 g5 13. Nd1 b5 14. c3 Ndc6 15. Ne3 Be6 16. Ne2 Rc8 17. f4 h6 18. fxg5 fxg5 19. g4 d5 20. Nf5 Nxf5 21. exf5 Bf7 22. 0-0 Qf6 23. Ng3 Rfe8 24. b3 Rcd8 25. Qc2 Re7 26. Rae1 Rde8 27. Qf2 e4 28. dxe4 Qxc3 29. Rc1 Qd4 30. exd5 Nb4 31. Qxd4 cxd4 32. f6 Re3 33. Nf5 Rc3 34. Nxh6+ Kf8 35. Nxf7 Kxf7 36. Kf2 Rxc1 37. Rxc1 Nd3+ 0-1